000 00302nam a22001337a 4500
008 171124b xxu||||| |||| 00| 0 eng d
020 _a05135117
041 _aeng
080 _a616.8
100 _a7
101 _aNEU
245 _aYEAR NEUROLOGY AND NEUROSURGERY
_cWALTER.G.B
942 _2udc
_cBK
999 _c38435
_d38435